[Event "Bundesliga 9697"]
[Site "Deutschland"]
[Date "1996.??.??"]
[Round "?.3"]
[White "Breutigam, Martin"]
[Black "Wells, Peter K"]
[Result "0-1"]
[WhiteElo "2380"]
[BlackElo "2475"]
[PlyCount "114"]
[EventDate "1996.10.??"]
[EventType "team"]
[EventRounds "15"]
[EventCountry "GER"]
[SourceTitle "Bundesliga 9697"]
[Source "DeepChess"]
[SourceDate "2005.01.01"]
[SourceVersion "1"]
[SourceVersionDate "2005.01.01"]
[SourceQuality "1"]
[WhiteTeam "Delmenhorster SK 1931"]
[BlackTeam "SK Passau 1869"]
[WhiteTeamCountry "GER"]
[BlackTeamCountry "GER"]

1. d4 Nf6 2. c4 e6 3. Nc3 Bb4 4. Bg5 h6 5. Bh4 c5 6. dxc5 Nc6 7. Rc1 g5 8. Bg3
Ne4 9. e3 Qa5 10. Bd3 Bxc3+ 11. bxc3 Nxg3 12. hxg3 Qxc5 13. Rb1 b6 14. Rb5 Qe7
15. Qa4 Bb7 16. Nf3 g4 17. Nd2 Na5 18. Rbh5 Bxg2 19. Rxh6 Rxh6 20. Rxh6 O-O-O
21. Rh7 Qf6 22. Qa3 Rh8 23. Rxh8+ Qxh8 24. c5 Qh1+ 25. Nf1 Bxf1 26. Bxf1 Qe4
27. Qb4 Qe5 28. cxb6 axb6 29. Ba6+ Kc7 30. Qxg4 Qxc3+ 31. Kf1 Nc6 32. Qc4 Qxc4+
33. Bxc4 Kd6 34. Bb5 Na7 35. Be2 Nc6 36. f4 Nb4 37. a4 Nd5 38. Kf2 Nc3 39. g4
Nxa4 40. g5 Nc3 41. Bd3 Kd5 42. Kf3 b5 43. f5 exf5 44. Kf4 b4 45. Kxf5 b3 46.
Kf6 Ne4+ 47. Kf5 Nc5 48. Bb1 Kc4 49. Kf6 Ne6 50. e4 Kd4 51. e5 Ke3 52. Kxf7
Nxg5+ 53. Ke7 Nf3 54. Kxd7 Nxe5+ 55. Kd6 Nd3 56. Ke6 Ne1 57. Kf5 Nc2 0-1

[Event "Bundesliga 9697"]
[Site "Deutschland"]
[Date "1996.??.??"]
[Round "?.4"]
[White "Pichler, Juergen"]
[Black "Beckemeier, Werner"]
[Result "0-1"]
[WhiteElo "2400"]
[BlackElo "2365"]
[PlyCount "82"]
[EventDate "1996.10.??"]
[EventType "team"]
[EventRounds "15"]
[EventCountry "GER"]
[SourceTitle "Bundesliga 9697"]
[Source "DeepChess"]
[SourceDate "2005.01.01"]
[SourceVersion "1"]
[SourceVersionDate "2005.01.01"]
[SourceQuality "1"]
[WhiteTeam "SK Passau 1869"]
[BlackTeam "Delmenhorster SK 1931"]
[WhiteTeamCountry "GER"]
[BlackTeamCountry "GER"]

1. d4 Nf6 2. c4 e6 3. Nf3 d5 4. Nc3 Nbd7 5. Bg5 c6 6. e3 Qa5 7. Nd2 Bb4 8. Qc2
O-O 9. Be2 e5 10. O-O exd4 11. Nb3 Qb6 12. exd4 dxc4 13. Bxc4 a5 14. a3 Bd6 15.
Rad1 a4 16. Nd2 Qxd4 17. Ba2 Qc5 18. Be3 Qh5 19. Nf3 Bc5 20. Bf4 Nb6 21. Ne2
Qf5 22. Qc1 Nfd5 23. Bb1 Qh5 24. Be5 Be7 25. Ng3 Qh6 26. Qc2 f5 27. Ba2 f4 28.
Ne2 Kh8 29. Ned4 Qg6 30. Qxg6 hxg6 31. Rfe1 g5 32. Nd2 Bg4 33. f3 Bd7 34. Ne4
c5 35. Ne2 Bc6 36. N2c3 Ne3 37. Rc1 Nbc4 38. Bxc4 Nxc4 39. Nf2 Rae8 40. Nd3 Ne3
41. h4 c4 0-1

[Event "Bundesliga 9697"]
[Site "Deutschland"]
[Date "1996.??.??"]
[Round "?.6"]
[White "Baumhus, Reinhard"]
[Black "Hermann, Manfred"]
[Result "1/2-1/2"]
[WhiteElo "2355"]
[BlackElo "2370"]
[PlyCount "141"]
[EventDate "1996.10.??"]
[EventType "team"]
[EventRounds "15"]
[EventCountry "GER"]
[SourceTitle "Bundesliga 9697"]
[Source "DeepChess"]
[SourceDate "2005.01.01"]
[SourceVersion "1"]
[SourceVersionDate "2005.01.01"]
[SourceQuality "1"]
[WhiteTeam "SK Passau 1869"]
[BlackTeam "Delmenhorster SK 1931"]
[WhiteTeamCountry "GER"]
[BlackTeamCountry "GER"]

1. e4 d5 2. Nc3 dxe4 3. Nxe4 Bf5 4. Ng3 Bg6 5. h4 h6 6. Bc4 e6 7. d3 Nf6 8.
N1e2 e5 9. Nc3 Nbd7 10. Qf3 c6 11. h5 Bh7 12. Bd2 Qc7 13. Nf5 Bxf5 14. Qxf5 b5
15. Bb3 Nc5 16. f4 b4 17. Na4 Nxb3 18. axb3 exf4 19. Bxf4 Bd6 20. Bxd6 Qxd6 21.
Nb6 Rb8 22. Nc4 Qg3+ 23. Qf2 Qg5 24. Qe3+ Qxe3+ 25. Nxe3 Rb7 26. Ra6 Kd7 27.
Kd2 Kc7 28. Nc4 Ra8 29. Re1 Nd5 30. Rea1 f6 31. Re1 Kd7 32. g4 Nc7 33. Ra5 Rb5
34. Rea1 Rxa5 35. Rxa5 Nd5 36. Ra6 Nc7 37. Ra4 c5 38. d4 Kc6 39. dxc5 Kxc5 40.
Ra5+ Kc6 41. c3 Rd8+ 42. Kc2 a6 43. Ra4 bxc3 44. bxc3 Re8 45. Kd3 Rb8 46. Ra1
Rb5 47. b4 f5 48. gxf5 Rxf5 49. Ra5 Rf3+ 50. Ke4 Rg3 51. Ne3 g6 52. c4 gxh5 53.
Rxh5 Rg6 54. Nf5 Kb6 55. Nxh6 Rg3 56. Nf7 Rb3 57. Rh6+ Ka7 58. Kd4 Rxb4 59. Kc5
a5 60. Nd6 Na6+ 61. Kd5 a4 62. Rh7+ Ka8 63. Nb5 Kb8 64. Kc6 Rxc4+ 65. Kb6 Rc1
66. Nd6 Rb1+ 67. Kxa6 a3 68. Nb5 Kc8 69. Nxa3 Ra1 70. Rh3 Kd7 71. Kb5 1/2-1/2

[Event "Bundesliga 9697"]
[Site "Deutschland"]
[Date "1996.??.??"]
[Round "?.7"]
[White "Jugelt, Tobias"]
[Black "Velicka, Petr"]
[Result "1-0"]
[WhiteElo "2375"]
[BlackElo "2430"]
[PlyCount "125"]
[EventDate "1996.10.??"]
[EventType "team"]
[EventRounds "15"]
[EventCountry "GER"]
[SourceTitle "Bundesliga 9697"]
[Source "DeepChess"]
[SourceDate "2005.01.01"]
[SourceVersion "1"]
[SourceVersionDate "2005.01.01"]
[SourceQuality "1"]
[WhiteTeam "Delmenhorster SK 1931"]
[BlackTeam "SK Passau 1869"]
[WhiteTeamCountry "GER"]
[BlackTeamCountry "GER"]

1. d4 d5 2. Nf3 c5 3. e3 cxd4 4. exd4 Nc6 5. Bd3 Bg4 6. c3 e6 7. Qb3 Qd7 8. Ne5
Nxe5 9. dxe5 Ne7 10. Bf4 Bf5 11. Be2 Nc6 12. Nd2 Bc5 13. Nf1 O-O 14. Ng3 Bg6
15. h4 f6 16. h5 fxe5 17. Be3 Bxe3 18. fxe3 Be8 19. e4 Rc8 20. Bg4 Na5 21. Qd1
d4 22. cxd4 exd4 23. Qd3 Qd6 24. Ne2 Nc6 25. Qb3 Bd7 26. Rd1 Kh8 27. h6 g6 28.
Qh3 Rcd8 29. Qh4 e5 30. Bf3 Qe7 31. Qg3 Nb4 32. O-O Nc2 33. Rd2 Ne3 34. Rc1 Bc6
35. b4 Rde8 36. Rc5 a6 37. Nc1 Rf6 38. Nd3 Re6 39. Rf2 g5 40. Bh5 Rf8 41. Nxe5
Rxf2 42. Qxf2 Rxh6 43. Nf7+ Kg7 44. Nxh6 Kxh6 45. Bf3 Bxe4 46. Bxe4 Qxe4 47.
Qf6+ Qg6 48. Qxd4 Nf5 49. Qd3 Nd6 50. Qxg6+ Kxg6 51. Rd5 Ne4 52. Rd7 b5 53. Ra7
h5 54. Rxa6+ Kf7 55. Kh2 Ke7 56. Kh3 Nd6 57. Rb6 Ke6 58. Rb8 Kd5 59. Rd8 Ke5
60. Rh8 h4 61. Kg4 Ne4 62. Re8+ Kd4 63. Rxe4+ 1-0

[Event "Bundesliga 9697"]
[Site "Deutschland"]
[Date "1996.??.??"]
[Round "?.8"]
[White "Kaiser, Wolfgang"]
[Black "Schlemermeyer, Wilhelm"]
[Result "1/2-1/2"]
[WhiteElo "2410"]
[BlackElo "2310"]
[PlyCount "84"]
[EventDate "1996.10.??"]
[EventType "team"]
[EventRounds "15"]
[EventCountry "GER"]
[SourceTitle "Bundesliga 9697"]
[Source "DeepChess"]
[SourceDate "2005.01.01"]
[SourceVersion "1"]
[SourceVersionDate "2005.01.01"]
[SourceQuality "1"]
[WhiteTeam "SK Passau 1869"]
[BlackTeam "Delmenhorster SK 1931"]
[WhiteTeamCountry "GER"]
[BlackTeamCountry "GER"]

1. Nf3 g6 2. g3 Bg7 3. Bg2 c5 4. O-O Nc6 5. e4 d6 6. c3 e5 7. d3 Nge7 8. a3 O-O
9. b4 h6 10. b5 Na5 11. c4 f5 12. Nfd2 f4 13. Nc3 h5 14. h3 Bh6 15. Nf3 Bd7 16.
Nh2 Qc8 17. g4 hxg4 18. Nxg4 Bxg4 19. hxg4 f3 20. Bxf3 Bxc1 21. Rxc1 Nb3 22.
Rb1 Nd4 23. Bh1 Rf7 24. f3 Qf8 25. Qd2 Rxf3 26. Ne2 Nxe2+ 27. Qxe2 Rf4 28. g5
Qf7 29. Bg2 Rf8 30. Qe3 Nc8 31. Bh3 Qe7 32. Qg3 Nb6 33. Rxf4 exf4 34. Qh4 Nd7
35. Bxd7 Qxd7 36. Kf2 Qg7 37. Qh3 Qd4+ 38. Ke2 Qc3 39. Rh1 Qc2+ 40. Kf1 Qd1+
41. Kf2 Qd2+ 42. Kf1 Qd1+ 1/2-1/2

[Event "Bundesliga 9697"]
[Site "Deutschland"]
[Date "1997.??.??"]
[Round "?.1"]
[White "Rogers, Ian"]
[Black "Gallagher, Joseph G"]
[Result "0-1"]
[WhiteElo "2600"]
[BlackElo "2545"]
[PlyCount "82"]
[EventDate "1996.10.??"]
[EventType "team"]
[EventRounds "15"]
[EventCountry "GER"]
[SourceTitle "Bundesliga 9697"]
[Source "DeepChess"]
[SourceDate "2005.01.01"]
[SourceVersion "1"]
[SourceVersionDate "2005.01.01"]
[SourceQuality "1"]
[WhiteTeam "Delmenhorster SK 1931"]
[BlackTeam "SV Castrop Rauxel 1923"]
[WhiteTeamCountry "GER"]
[BlackTeamCountry "GER"]

1. d4 Nf6 2. c4 g6 3. Nc3 Bg7 4. e4 d6 5. Nf3 O-O 6. Be2 e5 7. Be3 Na6 8. O-O
Ng4 9. Bg5 Qe8 10. h3 h6 11. Bc1 exd4 12. Nxd4 Nf6 13. Bf3 Nh7 14. Re1 Ng5 15.
Bg4 Bxg4 16. hxg4 Nc5 17. Bxg5 hxg5 18. Qd2 c6 19. Rad1 Rd8 20. Nf3 Qe6 21.
Qxg5 Qxc4 22. Qh4 Ne6 23. Re3 Rfe8 24. g5 d5 25. Nd2 Qb4 26. Rh3 Qxb2 27. exd5
cxd5 28. Ndb1 Qb6 29. Rhd3 Nc7 30. Nd2 Qc6 31. Rc1 d4 32. Ne2 Qa6 33. Nf4 Nd5
34. Rf3 Nc3 35. Rh3 Ne2+ 36. Nxe2 Qxe2 37. Rc7 Qxd2 38. Qh7+ Kf8 39. Rxf7+ Kxf7
40. Rf3+ Ke6 41. Qxg6+ Kd7 0-1

[Event "Bundesliga 9697"]
[Site "Deutschland"]
[Date "1997.??.??"]
[Round "?.2"]
[White "King, Daniel J"]
[Black "Stohl, Igor"]
[Result "1/2-1/2"]
[WhiteElo "2535"]
[BlackElo "2580"]
[PlyCount "120"]
[EventDate "1996.10.??"]
[EventType "team"]
[EventRounds "15"]
[EventCountry "GER"]
[SourceTitle "Bundesliga 9697"]
[Source "DeepChess"]
[SourceDate "2005.01.01"]
[SourceVersion "1"]
[SourceVersionDate "2005.01.01"]
[SourceQuality "1"]
[WhiteTeam "SV Castrop Rauxel 1923"]
[BlackTeam "Delmenhorster SK 1931"]
[WhiteTeamCountry "GER"]
[BlackTeamCountry "GER"]

1. c4 Nf6 2. Nc3 e5 3. Nf3 Nc6 4. e3 Bb4 5. Qc2 d6 6. a3 Bxc3 7. Qxc3 Bg4 8. d3
O-O 9. Be2 a5 10. b3 Qe7 11. Bb2 Nd8 12. h3 Bd7 13. O-O Ne6 14. Rae1 Rfe8 15.
Bd1 c5 16. d4 e4 17. Nd2 d5 18. f3 exf3 19. Bxf3 Bc6 20. dxc5 dxc4 21. Bxc6
bxc6 22. Qxc4 Nxc5 23. Bxf6 gxf6 24. Rf5 Nd7 25. Qxc6 Rac8 26. Qb7 Rc2 27. Rd5
Nc5 28. Qxe7 Rxe7 29. Rf1 Rxe3 30. Rxf6 Nxb3 31. Nxb3 Rxb3 32. Rxa5 Kg7 33. Rf4
Rb6 34. Raf5 f6 35. Rf2 Rb1+ 36. Kh2 Rxf2 37. Rxf2 Ra1 38. Rf3 h5 39. Kg3 Ra2
40. Kf4 h4 41. g3 hxg3 42. Rxg3+ Kf7 43. h4 Rh2 44. Kg4 Kg6 45. Rh3 f5+ 46. Kg3
Ra2 47. Kf4 Rf2+ 48. Ke3 Ra2 49. Kf4 Rf2+ 50. Rf3 Rh2 51. Kg3 Ra2 52. Rb3 Kf6
53. Rb6+ Ke5 54. Rb5+ Ke4 55. Rb4+ Ke5 56. Rb5+ Ke4 57. Rb4+ Ke5 58. Ra4 Ra1
59. Kf3 Rf1+ 60. Kg2 Rc1 1/2-1/2

[Event "Bundesliga 9697"]
[Site "Deutschland"]
[Date "1997.??.??"]
[Round "?.3"]
[White "Breutigam, Martin"]
[Black "Hoffmann, Michael"]
[Result "1/2-1/2"]
[WhiteElo "2380"]
[BlackElo "2440"]
[PlyCount "22"]
[EventDate "1996.10.??"]
[EventType "team"]
[EventRounds "15"]
[EventCountry "GER"]
[SourceTitle "Bundesliga 9697"]
[Source "DeepChess"]
[SourceDate "2005.01.01"]
[SourceVersion "1"]
[SourceVersionDate "2005.01.01"]
[SourceQuality "1"]
[WhiteTeam "Delmenhorster SK 1931"]
[BlackTeam "SV Castrop Rauxel 1923"]
[WhiteTeamCountry "GER"]
[BlackTeamCountry "GER"]

1. d4 Nf6 2. c4 e6 3. Nc3 Bb4 4. Bg5 h6 5. Bh4 c5 6. dxc5 Qa5 7. Bxf6 gxf6 8.
Qd4 Ke7 9. Qd6+ Ke8 10. Qd4 Ke7 11. Qd6+ Ke8 1/2-1/2

[Event "Bundesliga 9697"]
[Site "Deutschland"]
[Date "1997.??.??"]
[Round "?.4"]
[White "Watson, William N"]
[Black "Beckemeier, Werner"]
[Result "1-0"]
[WhiteElo "2535"]
[BlackElo "2365"]
[PlyCount "97"]
[EventDate "1996.10.??"]
[EventType "team"]
[EventRounds "15"]
[EventCountry "GER"]
[SourceTitle "Bundesliga 9697"]
[Source "DeepChess"]
[SourceDate "2005.01.01"]
[SourceVersion "1"]
[SourceVersionDate "2005.01.01"]
[SourceQuality "1"]
[WhiteTeam "SV Castrop Rauxel 1923"]
[BlackTeam "Delmenhorster SK 1931"]
[WhiteTeamCountry "GER"]
[BlackTeamCountry "GER"]

1. e4 e5 2. Nc3 Nf6 3. g3 Bc5 4. Bg2 Nc6 5. d3 d6 6. Na4 Bg4 7. f3 Be6 8. Ne2
Qd7 9. h3 Ng8 10. f4 f6 11. c3 Bb6 12. f5 Bf7 13. Nxb6 axb6 14. c4 b5 15. b3
Nge7 16. Be3 Nb4 17. Nc3 c6 18. Qd2 Na6 19. cxb5 cxb5 20. d4 exd4 21. Bxd4 b4
22. Na4 Qb5 23. Qe2 Qxe2+ 24. Kxe2 Nc6 25. Bb6 Ke7 26. Rhd1 Rhc8 27. Ke3 Ne5
28. Rd2 Nc7 29. Bd4 Nc4+ 30. bxc4 Rxa4 31. c5 Nb5 32. cxd6+ Nxd6 33. Kf4 g5+
34. fxg6 hxg6 35. h4 Ra5 36. Bxf6+ Kxf6 37. Rxd6+ Ke7 38. Rb6 b3 39. Rxb7+ Kf8
40. a3 Rc2 41. Bf3 Ra6 42. Bg4 Rcc6 43. Rd1 Rab6 44. Rd8+ Kg7 45. Rdd7 Rf6+ 46.
Kg5 Rbc6 47. h5 Rc5+ 48. Rd5 Rc3 49. h6+ 1-0

[Event "Bundesliga 9697"]
[Site "Deutschland"]
[Date "1997.??.??"]
[Round "?.5"]
[White "Borik, Otto"]
[Black "Appel, Ralf"]
[Result "0-1"]
[WhiteElo "2410"]
[BlackElo "2495"]
[PlyCount "76"]
[EventDate "1996.10.??"]
[EventType "team"]
[EventRounds "15"]
[EventCountry "GER"]
[SourceTitle "Bundesliga 9697"]
[Source "DeepChess"]
[SourceDate "2005.01.01"]
[SourceVersion "1"]
[SourceVersionDate "2005.01.01"]
[SourceQuality "1"]
[WhiteTeam "Delmenhorster SK 1931"]
[BlackTeam "SV Castrop Rauxel 1923"]
[WhiteTeamCountry "GER"]
[BlackTeamCountry "GER"]

1. d4 Nf6 2. c4 d6 3. Nc3 e5 4. Nf3 Nbd7 5. e4 Be7 6. Be2 O-O 7. O-O c6 8. Qc2
Qc7 9. Rd1 a6 10. Bg5 Re8 11. h3 Nf8 12. Be3 Ng6 13. Rac1 Bf8 14. d5 c5 15. a3
Bd7 16. Bf1 Reb8 17. a4 Be7 18. Qb1 a5 19. Nb5 Qd8 20. g3 Qc8 21. Bg5 Bxh3 22.
Bxf6 gxf6 23. Nh2 Kh8 24. Qd3 Bd7 25. f3 f5 26. Bh3 fxe4 27. Bxd7 Qxd7 28. Qxe4
Rg8 29. Nf1 f5 30. Qc2 Bf6 31. Re1 e4 32. fxe4 f4 33. Re2 Be5 34. Rg2 fxg3 35.
Ne3 Nh4 36. Nf5 Nxf5 37. exf5 Raf8 38. Rf1 Rg5 0-1

[Event "Bundesliga 9697"]
[Site "Deutschland"]
[Date "1997.??.??"]
[Round "?.6"]
[White "Libeau, Rene"]
[Black "Reefschlaeger, Helmut"]
[Result "1-0"]
[WhiteElo "2450"]
[BlackElo "2335"]
[PlyCount "89"]
[EventDate "1996.10.??"]
[EventType "team"]
[EventRounds "15"]
[EventCountry "GER"]
[SourceTitle "Bundesliga 9697"]
[Source "DeepChess"]
[SourceDate "2005.01.01"]
[SourceVersion "1"]
[SourceVersionDate "2005.01.01"]
[SourceQuality "1"]
[WhiteTeam "SV Castrop Rauxel 1923"]
[BlackTeam "Delmenhorster SK 1931"]
[WhiteTeamCountry "GER"]
[BlackTeamCountry "GER"]

1. c4 f5 2. g3 Nf6 3. Bg2 e6 4. d4 d5 5. Nh3 c6 6. b3 Be7 7. O-O O-O 8. Bb2 Na6
9. Nd2 Nc7 10. Qc2 Ng4 11. e3 g5 12. Rae1 Nh6 13. f3 Bd7 14. Kh1 Be8 15. Qc1
Bg6 16. Nf2 Bf6 17. Rd1 Nf7 18. e4 Qd7 19. Nd3 b6 20. exd5 cxd5 21. Ne5 Nxe5
22. dxe5 Be7 23. f4 Rac8 24. Nf3 g4 25. Nd4 Rfd8 26. Ba3 Be8 27. Qb2 dxc4 28.
bxc4 Bc5 29. Bxc5 bxc5 30. Nxf5 Qxd1 31. Ne7+ Kf8 32. Nxc8 Bc6 33. Qf2 Qd4 34.
Qxd4 Bxg2+ 35. Kxg2 cxd4 36. Nd6 Rb8 37. Rf2 Na6 38. f5 d3 39. f6 Nc5 40. Rd2
a5 41. Kf2 Nd7 42. Rxd3 Nxe5 43. Rb3 Rd8 44. c5 a4 45. Re3 1-0

[Event "Bundesliga 9697"]
[Site "Deutschland"]
[Date "1997.??.??"]
[Round "?.7"]
[White "Hermann, Manfred"]
[Black "Dinstuhl, Volkmar"]
[Result "0-1"]
[WhiteElo "2370"]
[BlackElo "2405"]
[PlyCount "122"]
[EventDate "1996.10.??"]
[EventType "team"]
[EventRounds "15"]
[EventCountry "GER"]
[SourceTitle "Bundesliga 9697"]
[Source "DeepChess"]
[SourceDate "2005.01.01"]
[SourceVersion "1"]
[SourceVersionDate "2005.01.01"]
[SourceQuality "1"]
[WhiteTeam "Delmenhorster SK 1931"]
[BlackTeam "SV Castrop Rauxel 1923"]
[WhiteTeamCountry "GER"]
[BlackTeamCountry "GER"]

1. e4 c5 2. c3 d6 3. d4 Nf6 4. Bd3 Nc6 5. Nf3 Bg4 6. d5 Bxf3 7. Qxf3 Ne5 8. Qe2
Nxd3+ 9. Qxd3 Rb8 10. a4 g6 11. O-O Bg7 12. Nd2 O-O 13. Nc4 b6 14. h3 a6 15.
Bf4 Qd7 16. e5 b5 17. axb5 axb5 18. exf6 bxc4 19. Qxc4 Bxf6 20. Bc1 Rb7 21. Re1
Rfb8 22. g4 Ra7 23. Rxa7 Qxa7 24. Kg2 Qa1 25. Rh1 Qb1 26. Qe2 Qa2 27. Rd1 Bxc3
28. Qxe7 Be5 29. Qc7 Qa8 30. Rd3 Rc8 31. Qd7 Rb8 32. Qc7 Re8 33. Qd7 Rd8 34.
Qc7 Bf6 35. Bh6 Qb8 36. Qxb8 Rxb8 37. b3 Be7 38. Re3 Bf8 39. Bf4 Rb4 40. Kf3
Rd4 41. Re8 Kg7 42. Rb8 Rxd5 43. b4 cxb4 44. Rxb4 Be7 45. Ke4 Ra5 46. Rd4 Ra6
47. Kd5 Ra3 48. Bxd6 Bxd6 49. Kxd6 Rxh3 50. Rf4 Ra3 51. Ke7 Ra7+ 52. Kd6 Ra2
53. g5 Ra5 54. Rg4 Rf5 55. f4 h5 56. gxh6+ Kxh6 57. Rh4+ Kg7 58. Ke7 Ra5 59.
Rh1 Ra7+ 60. Kd6 Kf6 61. Rb1 Ra4 0-1

[Event "Bundesliga 9697"]
[Site "Deutschland"]
[Date "1997.??.??"]
[Round "?.8"]
[White "Hennig, Dirk"]
[Black "Schlemermeyer, Wilhelm"]
[Result "0-1"]
[WhiteElo "2445"]
[BlackElo "2310"]
[PlyCount "86"]
[EventDate "1996.10.??"]
[EventType "team"]
[EventRounds "15"]
[EventCountry "GER"]
[SourceTitle "Bundesliga 9697"]
[Source "DeepChess"]
[SourceDate "2005.01.01"]
[SourceVersion "1"]
[SourceVersionDate "2005.01.01"]
[SourceQuality "1"]
[WhiteTeam "SV Castrop Rauxel 1923"]
[BlackTeam "Delmenhorster SK 1931"]
[WhiteTeamCountry "GER"]
[BlackTeamCountry "GER"]

1. d4 g6 2. Nf3 Bg7 3. c4 c5 4. d5 d6 5. Nc3 Nf6 6. g3 O-O 7. Bg2 e6 8. dxe6
Bxe6 9. Ng5 Bxc4 10. Bxb7 Nbd7 11. Bxa8 Qxa8 12. O-O d5 13. b3 Ba6 14. Ba3 d4
15. Na4 Qd5 16. Nh3 Bh6 17. f3 Re8 18. Re1 Be3+ 19. Kg2 g5 20. Nf2 g4 21. Nd3
Qh5 22. h4 gxh3+ 23. Kh2 Bxd3 24. exd3 Ne5 25. Rf1 Bf2 26. Rxf2 Nfg4+ 27. fxg4
Nxg4+ 28. Qxg4+ Qxg4 29. Nxc5 f5 30. Nd7 Kg7 31. Nc5 Re2 32. Raf1 Qf3 33. Ne6+
Kf6 34. Nf4 Rxf2+ 35. Rxf2 Qxf2+ 36. Kxh3 Qf1+ 37. Kh2 Qf2+ 38. Kh3 Qxa2 39.
Bc5 Qxb3 40. Bxa7 Ke5 41. Kh4 Qb7 42. Bc5 Qh1+ 43. Kg5 h6+ 0-1

[Event "Bundesliga 9697"]
[Site "Deutschland"]
[Date "1997.??.??"]
[Round "?.1"]
[White "Hickl, Joerg"]
[Black "Rogers, Ian"]
[Result "1/2-1/2"]
[WhiteElo "2575"]
[BlackElo "2600"]
[PlyCount "87"]
[EventDate "1996.10.??"]
[EventType "team"]
[EventRounds "15"]
[EventCountry "GER"]
[SourceTitle "Bundesliga 9697"]
[Source "DeepChess"]
[SourceDate "2005.01.01"]
[SourceVersion "1"]
[SourceVersionDate "2005.01.01"]
[SourceQuality "1"]
[WhiteTeam "SV Empor Berlin e.V."]
[BlackTeam "Delmenhorster SK 1931"]
[WhiteTeamCountry "GER"]
[BlackTeamCountry "GER"]

1. g3 d5 2. Bg2 c6 3. Nf3 Bg4 4. b3 Nd7 5. Bb2 e6 6. d3 Ngf6 7. O-O Be7 8. Nbd2
O-O 9. c4 Re8 10. Qc2 Bf8 11. h3 Bh5 12. Rfe1 h6 13. a3 Bg6 14. b4 a5 15. Qb3
Bh7 16. e4 axb4 17. axb4 Rxa1 18. Bxa1 dxe4 19. dxe4 e5 20. Bc3 b6 21. Nh4 Qc7
22. Nf5 Ra8 23. Nf1 Ra6 24. N1e3 Qa7 25. Nc2 Ra2 26. g4 Qa4 27. Qxa4 Rxa4 28.
Ra1 Rxa1+ 29. Bxa1 Ne8 30. Bc3 Nc7 31. Ne1 f6 32. Nd3 Bg6 33. f4 Bf7 34. fxe5
Bxc4 35. exf6 gxf6 36. Bf1 Kh7 37. Ne3 Bb5 38. Kf2 Ne6 39. e5 fxe5 40. Nxe5
Nxe5 41. Bxb5 cxb5 42. Bxe5 Bxb4 43. Nd5 Bc5+ 44. Ke2 1/2-1/2

[Event "Bundesliga 9697"]
[Site "Deutschland"]
[Date "1997.??.??"]
[Round "?.2"]
[White "Stohl, Igor"]
[Black "Boensch, Uwe"]
[Result "0-1"]
[WhiteElo "2580"]
[BlackElo "2520"]
[PlyCount "69"]
[EventDate "1996.10.??"]
[EventType "team"]
[EventRounds "15"]
[EventCountry "GER"]
[SourceTitle "Bundesliga 9697"]
[Source "DeepChess"]
[SourceDate "2005.01.01"]
[SourceVersion "1"]
[SourceVersionDate "2005.01.01"]
[SourceQuality "1"]
[WhiteTeam "Delmenhorster SK 1931"]
[BlackTeam "SV Empor Berlin e.V."]
[WhiteTeamCountry "GER"]
[BlackTeamCountry "GER"]

1. c4 e6 2. Nf3 d5 3. d4 Nf6 4. g3 dxc4 5. Bg2 Bd7 6. Ne5 Bc6 7. Nxc6 Nxc6 8.
O-O Qd7 9. e3 Rb8 10. Qe2 e5 11. Rd1 exd4 12. exd4+ Be7 13. d5 Nb4 14. Qxc4 b5
15. Qe2 O-O 16. Nc3 Rfe8 17. Bf4 Bd6 18. Qd2 Na6 19. Rac1 Nc5 20. Be3 h5 21. b4
Na4 22. Nxa4 bxa4 23. Rc4 Qb5 24. Qc2 a5 25. bxa5 a3 26. Bd4 Ng4 27. h3 Ne5 28.
Ra4 h4 29. Bxe5 Rxe5 30. Rxh4 g6 31. Re4 Qxa5 32. Rxe5 Bxe5 33. Qc4 Rb2 34. d6
cxd6 35. Bd5 0-1

[Event "Bundesliga 9697"]
[Site "Deutschland"]
[Date "1997.??.??"]
[Round "?.3"]
[White "Tischbierek, Raj"]
[Black "Breutigam, Martin"]
[Result "1-0"]
[WhiteElo "2490"]
[BlackElo "2380"]
[PlyCount "103"]
[EventDate "1996.10.??"]
[EventType "team"]
[EventRounds "15"]
[EventCountry "GER"]
[SourceTitle "Bundesliga 9697"]
[Source "DeepChess"]
[SourceDate "2005.01.01"]
[SourceVersion "1"]
[SourceVersionDate "2005.01.01"]
[SourceQuality "1"]
[WhiteTeam "SV Empor Berlin e.V."]
[BlackTeam "Delmenhorster SK 1931"]
[WhiteTeamCountry "GER"]
[BlackTeamCountry "GER"]

1. e4 e5 2. Nf3 Nc6 3. d4 exd4 4. Nxd4 Nge7 5. Bc4 Nxd4 6. Qxd4 Nc6 7. Qd5 Qf6
8. O-O Bb4 9. c3 Ba5 10. e5 Qg6 11. Bf4 O-O 12. Nd2 Bb6 13. Rae1 Ne7 14. Qf3
Qc6 15. Qd3 Ng6 16. Bg3 d5 17. exd6 cxd6 18. Bb5 Qc5 19. Bxd6 Qh5 20. Bxf8 Bf5
21. Qg3 Rxf8 22. Bd3 Bc7 23. Be2 Qxe2 24. Rxe2 Bxg3 25. hxg3 Bd3 26. Re3 Bxf1
27. Kxf1 Rd8 28. Ke2 f6 29. Nc4 b5 30. Na5 Kf7 31. Rd3 Re8+ 32. Kd2 Ne5 33. Rd5
Rb8 34. f4 Ke6 35. Rd4 Ng4 36. Nc6 Ra8 37. a4 bxa4 38. Rxa4 Kd5 39. Rxa7 Re8
40. Nb4+ Kc4 41. Rxg7 Ne3 42. Rc7+ Kb3 43. Kd3 Nxg2 44. Nd5 Kxb2 45. Rb7+ Ka3
46. Rxh7 Rg8 47. Rh3 f5 48. Kd4 Re8 49. c4 Ka4 50. Rh2 Ne1 51. Kc3 Ka3 52. Rh7
1-0

[Event "Bundesliga 9697"]
[Site "Deutschland"]
[Date "1997.??.??"]
[Round "?.4"]
[White "Beckemeier, Werner"]
[Black "Luther, Thomas"]
[Result "0-1"]
[WhiteElo "2365"]
[BlackElo "2520"]
[PlyCount "48"]
[EventDate "1996.10.??"]
[EventType "team"]
[EventRounds "15"]
[EventCountry "GER"]
[SourceTitle "Bundesliga 9697"]
[Source "DeepChess"]
[SourceDate "2005.01.01"]
[SourceVersion "1"]
[SourceVersionDate "2005.01.01"]
[SourceQuality "1"]
[WhiteTeam "Delmenhorster SK 1931"]
[BlackTeam "SV Empor Berlin e.V."]
[WhiteTeamCountry "GER"]
[BlackTeamCountry "GER"]

1. e4 e6 2. d3 d5 3. Qe2 Be7 4. Nf3 Nf6 5. g3 O-O 6. Bg2 b5 7. O-O c5 8. e5
Nfd7 9. c4 bxc4 10. dxc4 Ba6 11. Na3 Nc6 12. Re1 Rb8 13. b3 dxc4 14. Bb2 Nd4
15. Nxd4 cxd4 16. Nxc4 Nb6 17. Rad1 Nxc4 18. Bxd4 Qc7 19. Rc1 Rfd8 20. Red1 Ba3
21. Ra1 Nb2 22. Qxa6 Nxd1 23. Rxd1 Bb2 24. Qa4 Qc2 0-1